Niektoré aspekty využívania informačných technológií na realizáciu spätnej väzby vo vyučovacom procese
Spätná väzba vo vzdelávaní. Vplyv frekvencie a zloženia prvkov kontroly na kvalitu vyučovania. Výber optimálneho počtu spätnoväzbových prvkov. Priradenie hodnoty výkonu pre jednotlivé činnosti. Metodológia využívania programovej spätnej väzby.
Salvato in:
| Autore principale: | |
|---|---|
| Natura: | Capitolo di libro |
| Lingua: | slovacco |
| Soggetti: | |
| Tags: |
Nessun Tag, puoi essere il primo ad aggiungerne!!
|
MARC
| LEADER | 00000naa$a2200000$$$4500 | ||
|---|---|---|---|
| 001 | 0127092 | ||
| 005 | 20240502072440.9 | ||
| 041 | 0 | |a slo | |
| 044 | |a SK | ||
| 245 | 1 | 0 | |a Niektoré aspekty využívania informačných technológií na realizáciu spätnej väzby vo vyučovacom procese |c Jaroslav Kultan |
| 520 | |a Spätná väzba vo vzdelávaní. Vplyv frekvencie a zloženia prvkov kontroly na kvalitu vyučovania. Výber optimálneho počtu spätnoväzbových prvkov. Priradenie hodnoty výkonu pre jednotlivé činnosti. Metodológia využívania programovej spätnej väzby. | ||
| 610 | 2 | 0 | |a vzdelávanie vysokoškolské |
| 610 | 2 | 0 | |a vzdelávanie elektronické |
| 610 | 2 | 0 | |a technológie informačné |
| 610 | 2 | 0 | |a technológie komunikačné |
| 610 | 2 | 0 | |a testy didaktické |
| 610 | 2 | 0 | |a väzba spätná |
| 610 | 2 | 0 | |a kvalita vzdelávania |
| 100 | 1 | |a Kultan, Jaroslav, 1960- | |